000 00554nam a2200169 i 4500
001 65937
003 ES-MaACL
005 20230906165516.0
007 t|
008 040123s1967 sp ||||1| spa d
245 0 3 _aLa función pastoral de los obispos
_b: trabajos de la XI semana de Derecho Canónico.
260 _aBarcelona :
_bJuan Flors,
_c1967.
300 _a371 p. ;
_c24 cm.
500 _aPrecede al tit.: Instituto San Raimundo de Peñafort.
710 2 _aInstituto de San Raimundo de Peñafort.
_95005
852 _aES-MaACL
_jC-33133
_bR.64031
999 _c65937
_d65937